Statystyki dla Stacje paliwowe w Polsce

Kliknij tutaj aby rozwiązać quiz!

Ogólne statystyki

  • Ten quiz został rozwiązany 477 razy
  • Średni wynik to 5 z 14

Statystyki odpowiedzi

Stacje:% Poprawnych
PKN Orlen
100%
BP
85%
Shell
78%
Lotos
75%
Circle K
57%
Moya
45%
Amic Energy
21%
Pieprzyk
11%
Avia
10%
Huzar
10%
Total
6%
Slovnaft Partner
4%
AS 24
1%
IDS
1%

Rozkład punktacji

Percentyl według liczby udzielonych odpowiedzi

Procent ludzi z każdym wynikiem

Twoja historia wyników

Nie rozwiązałeś tego quizu